000 01478nam0a2200337 4500
001 RU\NLR\bibl\1143162
005 20260421115756.0
010 _a978-5-360-00215-4
_94000
021 _aRU
_b2007-62431
_93334
035 _a(NLR Aleph) 001130004
090 _a1351880
_c1351880
100 _a20071019d2007 u y0rusy50 ca
101 0 _arus
102 _aRU
105 _aa |||||||||
200 1 _aХимия: наверстываем упущенное
_e8-11 классы
_eдидактические материалы
_fИ.М. Титова, Е.И. Евстафьева
210 _aМосква
_cВентана-Граф
_d2007
215 _a94, [1] с.
_cил.
_d22
320 _aБиблиогр.: с. 93 (9 назв.)
606 1 _aХимия
_jУчебные издания для средней школы
_xСамостоятельная работа учащихся
_xСредняя школа
_92490668
_3RU\NLR\AUTH\661477876
606 1 _aХимия
_jУчебные издания для средней школы
_9898913
_3RU\NLR\auth\666296
686 1 _aЧ426.57-267я721-1
686 1 _aГ1я721-1
700 1 _4070
_7ca
_8rus
_aТитова
_bИ. М.
_cд-р пед. наук
_gИрина Михайловна
_945155
_3RU\NLR\auth\7762225
701 1 _aЕвстафьева
_bЕ. И.
_gЕлена Ивановна
_4070
801 0 _aRU
_bNLR
_c20071019
_gRCR
801 1 _aRU
_bNLR
_c20071019
942 _cBOOK
980 _aNB